<?xml version="1.0" encoding="UTF-8"?>
<record
    xmlns:xsi="http://www.w3.org/2001/XMLSchema-instance"
    xsi:schemaLocation="http://www.loc.gov/MARC21/slim http://www.loc.gov/standards/marcxml/schema/MARC21slim.xsd"
    xmlns="http://www.loc.gov/MARC21/slim">

  <leader>01153nam a2200253 a 4500</leader>
  <controlfield tag="001">BRCA_8943</controlfield>
  <controlfield tag="005">20190320210452.0</controlfield>
  <controlfield tag="008">030717s1779----sp-#######---#000-0#spa-#</controlfield>
  <datafield tag="041" ind1=" " ind2=" ">
    <subfield code="a">spa</subfield>
  </datafield>
  <datafield tag="044" ind1=" " ind2=" ">
    <subfield code="a">sp</subfield>
  </datafield>
  <datafield tag="084" ind1=" " ind2=" ">
    <subfield code="a">LE36</subfield>
    <subfield code="b">.J43 1779</subfield>
  </datafield>
  <datafield tag="100" ind1="1" ind2=" ">
    <subfield code="a">Jeann-Marie</subfield>
    <subfield code="c">Le prince de Beaumont</subfield>
    <subfield code="9">22228</subfield>
  </datafield>
  <datafield tag="245" ind1="1" ind2="0">
    <subfield code="a">Biblioteca completa de educaci&#xF3;n o instrucciones para las se&#xF1;oras j&#xF3;venes, en la edad de entrar ya en la sociedad y poderse casar</subfield>
    <subfield code="b">Instruye una Sabia Directora &#xE1; sus nobles Disc&#xED;pulas en todas las obligaciones pertenecientes al Estado del Matrimonio, y &#xE1; la educaci&#xF3;n de sus hijos</subfield>
    <subfield code="c">obra escrito en franc&#xE9;s por Madama Le Prince de Beaumont; y traducida al castellano por Don Joseph de la Fresa.</subfield>
  </datafield>
  <datafield tag="260" ind1=" " ind2=" ">
    <subfield code="a">Madrid</subfield>
    <subfield code="b">Por D. Manuel Martin</subfield>
    <subfield code="c">1779</subfield>
  </datafield>
  <datafield tag="300" ind1=" " ind2=" ">
    <subfield code="a">250 p. (t.2)</subfield>
    <subfield code="c">15.4 x 10.7 cm</subfield>
  </datafield>
  <datafield tag="500" ind1=" " ind2=" ">
    <subfield code="a">Con las licencias necesarias</subfield>
  </datafield>
  <datafield tag="500" ind1=" " ind2=" ">
    <subfield code="a">Estado f&#xED;sico: presenta encuadernaci&#xF3;n en pergamino</subfield>
  </datafield>
  <datafield tag="650" ind1="1" ind2="4">
    <subfield code="a">Mujer</subfield>
    <subfield code="x">Educaci&#xF3;n</subfield>
    <subfield code="9">22229</subfield>
  </datafield>
  <datafield tag="650" ind1="1" ind2="4">
    <subfield code="a">Educaci&#xF3;n</subfield>
    <subfield code="y">Obras anteriores a 1800</subfield>
    <subfield code="9">21679</subfield>
  </datafield>
  <datafield tag="700" ind1="1" ind2=" ">
    <subfield code="a">Fresa, Joseph de la</subfield>
    <subfield code="e">tr.</subfield>
    <subfield code="9">22230</subfield>
  </datafield>
  <datafield tag="700" ind1="1" ind2=" ">
    <subfield code="a">Manuel Martin</subfield>
    <subfield code="e">Impresor</subfield>
    <subfield code="9">22231</subfield>
  </datafield>
  <datafield tag="902" ind1=" " ind2=" ">
    <subfield code="a">CFM</subfield>
  </datafield>
  <datafield tag="942" ind1=" " ind2=" ">
    <subfield code="2">lcc</subfield>
    <subfield code="c">B</subfield>
  </datafield>
  <datafield tag="999" ind1=" " ind2=" ">
    <subfield code="c">8594</subfield>
    <subfield code="d">8594</subfield>
  </datafield>
  <datafield tag="952" ind1=" " ind2=" ">
    <subfield code="0">0</subfield>
    <subfield code="1">0</subfield>
    <subfield code="4">0</subfield>
    <subfield code="7">0</subfield>
    <subfield code="a">BRCA</subfield>
    <subfield code="b">BRCA</subfield>
    <subfield code="d">2017-07-03</subfield>
    <subfield code="l">0</subfield>
    <subfield code="o">LE36 .J43 1779</subfield>
    <subfield code="p">CFM00266</subfield>
    <subfield code="r">2019-03-22 00:00:00</subfield>
    <subfield code="w">2019-03-22</subfield>
    <subfield code="y">B</subfield>
  </datafield>
</record>
